000
00467nam a2200145Ia 4500
008
100204s9999 xx 000 0 und d
082
_b
3692
100
_a
साने रविकिरण
245
_a
आसामचे आव्हान
260
_b
"अंजली प्रकाशन, पुणे"
_c
1981
300
_a
156
630
_a
आसामचे आव्हान
730
_a
आसामचे आव्हान
942
_c
BOOK
999
_c
448598
_d
448595